000 00597nam a2200181Ia 4500
008 090124s9999 xx 000 0 und d
082 _b120825
100 _aलाटे दिनानाथ ना.
245 _a हा खेळ दहा दिवसांचा
250 _a1
260 _c1985
300 _a166
600 _aलाटे दिनानाथ ना.
630 _a हा खेळ दहा दिवसांचा
700 _aलाटे दिनानाथ ना.
730 _a हा खेळ दहा दिवसांचा
942 _cBOOK
999 _c166911
_d166911